[Event "European Team-ch 2007"]
[Site "Crete GRE"]
[Date "2007.11.06"]
[Round "9.7"]
[White "Stellwagen, Daniel"]
[Black "Berkes, Ferenc"]
[Result "1/2-1/2"]
[WhiteElo "2639"]
[BlackElo "2606"]
[PlyCount "81"]
[EventDate "2007.10.28"]
[EventType "team"]
[EventRounds "9"]
[EventCountry "GRE"]
[Source "lmi"]
[SourceDate "2007.10.28"]
[WhiteTeam "Netherlands"]
[BlackTeam "Hungary"]
[WhiteTeamCountry "NED"]
[BlackTeamCountry "HUN"]

1. e4 c6 2. d4 d5 3. Nc3 dxe4 4. Nxe4 Nd7 5. Ng5 Ngf6 6. Bd3 e6 7. N1f3 Bd6 8.
Qe2 h6 9. Ne4 Nxe4 10. Qxe4 Qc7 11. O-O b6 12. Qg4 Kf8 13. b3 Bb7 14. Bb2 Nf6
15. Qh3 Nd5 16. g3 Nb4 17. Be4 f5 18. Nh4 Qf7 19. a3 Nd5 20. Bxd5 cxd5 21. Nf3
Rc8 22. c3 Qf6 23. Rfe1 g5 24. Ne5 Rh7 25. Re3 g4 26. Qf1 h5 27. Rae1 Re8 28.
c4 h4 29. c5 Bxe5 30. Rxe5 bxc5 31. Qe2 hxg3 32. fxg3 c4 33. bxc4 Ba6 34. Rxe6
Rxe6 35. Qxe6 Qxe6 36. Rxe6 Bxc4 37. Re5 Rf7 38. Kf2 Kg7 39. Bc3 Kf6 40. Ke3
Re7 41. Rxe7 1/2-1/2

[Event "European Team-ch 2007"]
[Site "Crete GRE"]
[Date "2007.11.06"]
[Round "9.7"]
[White "Ruck, Robert"]
[Black "L'ami, Erwin"]
[Result "1/2-1/2"]
[WhiteElo "2561"]
[BlackElo "2577"]
[PlyCount "81"]
[EventDate "2007.10.28"]
[EventType "team"]
[EventRounds "9"]
[EventCountry "GRE"]
[Source "lmi"]
[SourceDate "2007.10.28"]
[WhiteTeam "Hungary"]
[BlackTeam "Netherlands"]
[WhiteTeamCountry "HUN"]
[BlackTeamCountry "NED"]

1. Nf3 d5 2. d4 Nf6 3. c4 c6 4. Nc3 e6 5. Bg5 h6 6. Bxf6 Qxf6 7. g3 Nd7 8. Bg2
dxc4 9. O-O Bd6 10. Ne4 Qe7 11. Qc2 O-O 12. Nxd6 Qxd6 13. Qxc4 e5 14. Rad1 exd4
15. Nxd4 Qc5 16. Qxc5 Nxc5 17. Rd2 a5 18. Rc1 Na6 19. Rcd1 Nc7 20. a3 a4 21. f4
g6 22. Kf2 Ne6 23. e4 Ra6 24. Bf3 h5 25. Ne2 Nc5 26. Rc2 Ra5 27. Nd4 Ne6 28.
Nxe6 Bxe6 29. Rd4 Rc8 30. Be2 Kf8 31. Ke3 Ke7 32. Rb4 Ra7 33. Rc3 Kd6 34. Bc4
Re8 35. Bxe6 Rxe6 36. h3 Re7 37. g4 hxg4 38. hxg4 Ra8 39. f5 gxf5 40. gxf5 f6
41. Kf4 1/2-1/2

[Event "European Team-ch 2007"]
[Site "Crete GRE"]
[Date "2007.11.06"]
[Round "9.8"]
[White "Hansen, Lars Bo"]
[Black "Rozentalis, Eduardas"]
[Result "1/2-1/2"]
[WhiteElo "2572"]
[BlackElo "2581"]
[PlyCount "35"]
[EventDate "2007.10.28"]
[EventType "team"]
[EventRounds "9"]
[EventCountry "GRE"]
[Source "lmi"]
[SourceDate "2007.10.28"]
[WhiteTeam "Denmark"]
[BlackTeam "Lithuania"]
[WhiteTeamCountry "DEN"]
[BlackTeamCountry "LTU"]

1. d4 Nf6 2. c4 e6 3. g3 Bb4+ 4. Bd2 c5 5. Bxb4 cxb4 6. Bg2 O-O 7. e4 d6 8. Ne2
e5 9. a3 bxa3 10. Nxa3 Nc6 11. Qd2 exd4 12. Rd1 Qb6 13. Nb5 Ne5 14. Qxd4 Qa5+
15. Qc3 Qxc3+ 16. Nexc3 Bg4 17. Rd4 Ne8 18. O-O 1/2-1/2

[Event "European Team-ch 2007"]
[Site "Crete GRE"]
[Date "2007.11.06"]
[Round "9.8"]
[White "Kveinys, Aloyzas"]
[Black "Schandorff, Lars"]
[Result "1/2-1/2"]
[WhiteElo "2517"]
[BlackElo "2520"]
[PlyCount "115"]
[EventDate "2007.10.28"]
[EventType "team"]
[EventRounds "9"]
[EventCountry "GRE"]
[Source "lmi"]
[SourceDate "2007.10.28"]
[WhiteTeam "Lithuania"]
[BlackTeam "Denmark"]
[WhiteTeamCountry "LTU"]
[BlackTeamCountry "DEN"]

1. c4 e6 2. d4 Nf6 3. Nf3 d5 4. Nc3 Bb4 5. cxd5 exd5 6. Bg5 O-O 7. e3 c5 8. Be2
Nbd7 9. Qc2 Qa5 10. O-O cxd4 11. Nxd4 Bxc3 12. bxc3 Ne4 13. Be7 Re8 14. Bb4 Qb6
15. Rab1 Ne5 16. Bb5 Bd7 17. Bxd7 Nxd7 18. c4 dxc4 19. Qxc4 Rac8 20. Qd3 Qg6
21. f3 Nec5 22. Qf5 a6 23. Rfd1 Nf8 24. Rdc1 Nfe6 25. Bxc5 Rxc5 26. Rxc5 Nxc5
27. Qxg6 hxg6 28. Kf2 Kf8 29. Rb6 Re7 30. h4 Nd3+ 31. Kg3 Ne5 32. e4 Rd7 33.
Nb3 Nc4 34. Rb4 Rc7 35. a4 Ke7 36. a5 Kd8 37. f4 Nd6 38. Kf3 Rc3+ 39. Ke2 Kc7
40. Nd2 Rc5 41. e5 Nf5 42. g4 Ne7 43. Ne4 Rxa5 44. Nd6 Ra2+ 45. Kd3 Ra3+ 46.
Ke4 b5 47. Nxf7 Ra4 48. Rxa4 bxa4 49. Kd3 a3 50. Kc2 Nd5 51. Nd6 Kd7 52. f5
Ne3+ 53. Kb3 Nxg4 54. fxg6 Nxe5 55. Nf5 Nxg6 56. h5 Nf4 57. Nxg7 Nxh5 58. Nxh5
1/2-1/2

[Event "European Team-ch 2007"]
[Site "Crete GRE"]
[Date "2007.11.06"]
[Round "9.8"]
[White "Rasmussen, Karsten"]
[Black "Malisauskas, Vidmantas"]
[Result "1-0"]
[WhiteElo "2495"]
[BlackElo "2495"]
[PlyCount "51"]
[EventDate "2007.10.28"]
[EventType "team"]
[EventRounds "9"]
[EventCountry "GRE"]
[Source "lmi"]
[SourceDate "2007.10.28"]
[WhiteTeam "Denmark"]
[BlackTeam "Lithuania"]
[WhiteTeamCountry "DEN"]
[BlackTeamCountry "LTU"]

1. d4 Nf6 2. c4 g6 3. g3 Bg7 4. Bg2 O-O 5. Nc3 d6 6. e4 c5 7. d5 e6 8. Nge2
exd5 9. exd5 Na6 10. O-O Nc7 11. a4 Rb8 12. h3 b6 13. Nb5 Rb7 14. Bf4 Nfe8 15.
Nec3 a6 16. Na3 Nf6 17. Qd2 Re8 18. Bg5 Qe7 19. Qf4 Qe5 20. Qxe5 Rxe5 21. Bf4
Nfe8 22. Bxe5 Bxe5 23. Rfe1 Bd7 24. Rxe5 dxe5 25. d6 Nxd6 26. Rd1 1-0

[Event "European Team-ch 2007"]
[Site "Crete GRE"]
[Date "2007.11.06"]
[Round "9.9"]
[White "Jobava, Baadur"]
[Black "Godena, Michele"]
[Result "1-0"]
[WhiteElo "2644"]
[BlackElo "2535"]
[PlyCount "131"]
[EventDate "2007.10.28"]
[EventType "team"]
[EventRounds "9"]
[EventCountry "GRE"]
[Source "lmi"]
[SourceDate "2007.10.28"]
[WhiteTeam "Georgia"]
[BlackTeam "Italy"]
[WhiteTeamCountry "GEO"]
[BlackTeamCountry "ITA"]

1. e4 e5 2. Nf3 Nc6 3. Bb5 a6 4. Ba4 Nf6 5. O-O b5 6. Bb3 Bc5 7. c3 d6 8. d4
Bb6 9. Be3 O-O 10. Nbd2 Bb7 11. Re1 Nd7 12. Nf1 Na5 13. Bc2 Nc4 14. Bc1 exd4
15. cxd4 Ba5 16. Re2 c5 17. b3 Bc3 18. Rb1 Ncb6 19. Ng3 Nf6 20. Qd3 cxd4 21.
Nxd4 b4 22. Ngf5 Nbd7 23. Qg3 g6 24. Nh6+ Kh8 25. Qxd6 Qb8 26. Qxb8 Raxb8 27.
Nf3 a5 28. Bf4 Rbc8 29. Rd1 Ba6 30. Re3 Nh5 31. Bg5 Ne5 32. Nxe5 Bxe5 33. Bd3
Bxd3 34. Rexd3 Bf4 35. h4 Bxg5 36. hxg5 f6 37. Rd7 fxg5 38. Ra7 Ra8 39. Rdd7
Rxa7 40. Rxa7 Nf4 41. Nf7+ Kg8 42. Nxg5 h6 43. Nh3 Ne2+ 44. Kh2 Re8 45. f3 Re5
46. Rd7 Nc3 47. Rd2 Rc5 48. Nf4 Kf7 49. Kg3 g5 50. Nd3 Rc7 51. Ne5+ Ke6 52. Nc4
a4 53. Nb6 a3 54. Kg4 Nb1 55. Nd5 Nxd2 56. Nxc7+ Kd6 57. Na6 Nxb3 58. Nxb4 Nd4
59. Nd3 Ne2 60. Kh5 Nc3 61. Nb4 Ke5 62. Kxh6 g4 63. fxg4 Nxe4 64. g5 Nd6 65. g6
Kf6 66. g4 1-0

[Event "European Team-ch 2007"]
[Site "Crete GRE"]
[Date "2007.11.06"]
[Round "9.9"]
[White "Caruana, Fabiano"]
[Black "Gelashvili, Tamaz"]
[Result "1/2-1/2"]
[WhiteElo "2594"]
[BlackElo "2623"]
[PlyCount "66"]
[EventDate "2007.10.28"]
[EventType "team"]
[EventRounds "9"]
[EventCountry "GRE"]
[Source "lmi"]
[SourceDate "2007.10.28"]
[WhiteTeam "Italy"]
[BlackTeam "Georgia"]
[WhiteTeamCountry "ITA"]
[BlackTeamCountry "GEO"]

1. e4 c5 2. Nf3 d6 3. d4 cxd4 4. Nxd4 Nf6 5. Nc3 Nc6 6. Bg5 e6 7. Qd2 Be7 8.
O-O-O Nxd4 9. Qxd4 O-O 10. f4 Qa5 11. Bc4 Bd7 12. e5 dxe5 13. fxe5 Bc6 14. Bd2
Nd7 15. Nd5 Qd8 16. Nxe7+ Qxe7 17. Rhe1 Nb6 18. Bf1 Rfd8 19. Qg4 Rac8 20. Bh6
Rxd1+ 21. Rxd1 f5 22. exf6 Qxf6 23. Be3 h5 24. Qd4 Nd5 25. Qxf6 gxf6 26. Bxa7
Ra8 27. Bd4 e5 28. Bc5 Rxa2 29. Bc4 Ra1+ 30. Kd2 Rxd1+ 31. Kxd1 Kg7 32. g3 f5
33. Bxd5 Bxd5 1/2-1/2

[Event "European Team-ch 2007"]
[Site "Crete GRE"]
[Date "2007.11.06"]
[Round "9.9"]
[White "Pantsulaia, Levan"]
[Black "Brunello, Sabino"]
[Result "1-0"]
[WhiteElo "2617"]
[BlackElo "2489"]
[PlyCount "99"]
[EventDate "2007.10.28"]
[EventType "team"]
[EventRounds "9"]
[EventCountry "GRE"]
[Source "lmi"]
[SourceDate "2007.10.28"]
[WhiteTeam "Georgia"]
[BlackTeam "Italy"]
[WhiteTeamCountry "GEO"]
[BlackTeamCountry "ITA"]

1. Nf3 Nf6 2. c4 e6 3. g3 d5 4. Bg2 Be7 5. O-O O-O 6. Qc2 c5 7. d4 cxd4 8. Nxd4
Nc6 9. Nxc6 bxc6 10. b3 a5 11. Nc3 Ba6 12. Rd1 Rc8 13. Na4 Nd7 14. Be3 g6 15.
Qd2 Re8 16. Rac1 Bb4 17. Qb2 Bf8 18. Rc2 Bd6 19. Qc1 Qe7 20. Bg5 f6 21. Bd2 Bb4
22. Bxb4 axb4 23. Qd2 Red8 24. cxd5 cxd5 25. Rxc8 Rxc8 26. e4 Ne5 27. exd5 exd5
28. Nb6 Rb8 29. Nxd5 Qd6 30. Qd4 Kg7 31. f4 Nf7 32. Ne3 Qe6 33. Re1 Rb5 34. Nc2
Qc8 35. Nxb4 Bb7 36. a4 Rh5 37. Bxb7 Qxb7 38. Re6 Kh6 39. Qe4 Qc7 40. Qe3 Qd8
41. Nd3 Kg7 42. Nf2 g5 43. Re7 Kf8 44. Ra7 gxf4 45. Qxf4 Qb6 46. Ra8+ Kg7 47.
Qb8 Qd4 48. Qg8+ Kh6 49. Qxf7 Rxh2 50. Qxf6+ 1-0

[Event "European Team-ch 2007"]
[Site "Crete GRE"]
[Date "2007.11.06"]
[Round "9.9"]
[White "D'amore, Carlo"]
[Black "Arutinian, David"]
[Result "1/2-1/2"]
[WhiteElo "2477"]
[BlackElo "2574"]
[PlyCount "109"]
[EventDate "2007.10.28"]
[EventType "team"]
[EventRounds "9"]
[EventCountry "GRE"]
[Source "lmi"]
[SourceDate "2007.10.28"]
[WhiteTeam "Italy"]
[BlackTeam "Georgia"]
[WhiteTeamCountry "ITA"]
[BlackTeamCountry "GEO"]

1. e4 e6 2. d3 c5 3. Nf3 Nc6 4. g3 d6 5. Bg2 Nf6 6. O-O Be7 7. Nbd2 O-O 8. c3
Bd7 9. Re1 Rc8 10. a3 b5 11. d4 cxd4 12. cxd4 Qb6 13. Nb3 d5 14. exd5 Nxd5 15.
Bd2 b4 16. a4 Rfd8 17. a5 Qb7 18. Bf1 Nb8 19. a6 Qb6 20. Ra5 Be8 21. Bd3 Qd6
22. Nc5 Qb6 23. Nb7 Rc7 24. Nxd8 Qxa5 25. Bg5 h6 26. Bxe7 Rxe7 27. Nb7 Qb6 28.
Nc5 Rc7 29. Ne5 Nc6 30. Nxc6 Qxc6 31. Qg4 Qd6 32. Qe4 Nf6 33. Qe3 Bc6 34. Qe5
Qd8 35. h3 Rc8 36. Rc1 Bd5 37. g4 Nxg4 38. hxg4 Qh4 39. f3 Bxf3 40. Qf4 Qh1+
41. Kf2 Qg2+ 42. Ke3 Bxg4 43. Ne4 Rd8 44. Nf2 Bf5 45. Bxf5 exf5 46. Qxf5 Re8+
47. Kd2 Qg3 48. Re1 Rxe1 49. Kxe1 Qe3+ 50. Kf1 Qxd4 51. Qc8+ Kh7 52. Qf5+ Kg8
53. Qc8+ Kh7 54. Qf5+ Kg8 55. Qc8+ 1/2-1/2

[Event "European Team-ch 2007"]
[Site "Crete GRE"]
[Date "2007.11.06"]
[Round "9.10"]
[White "Navara, David"]
[Black "Berg, Emanuel"]
[Result "1-0"]
[WhiteElo "2656"]
[BlackElo "2593"]
[PlyCount "95"]
[EventDate "2007.10.28"]
[EventType "team"]
[EventRounds "9"]
[EventCountry "GRE"]
[Source "lmi"]
[SourceDate "2007.10.28"]
[WhiteTeam "Czech Republic"]
[BlackTeam "Sweden"]
[WhiteTeamCountry "CZE"]
[BlackTeamCountry "SWE"]

1. d4 Nf6 2. c4 e6 3. Nc3 Bb4 4. e3 O-O 5. Nge2 d5 6. a3 Be7 7. cxd5 Nxd5 8.
Bd2 c5 9. dxc5 Bxc5 10. g3 Nxc3 11. Bxc3 Bd7 12. Nd4 e5 13. Nb3 Bc6 14. Qxd8
Rxd8 15. Rg1 Bd6 16. Na5 Bc7 17. Nxc6 Nxc6 18. Bg2 Rd6 19. Ke2 Rad8 20. Be4 f6
21. g4 h6 22. h4 Kf7 23. Rac1 Bb6 24. g5 hxg5 25. hxg5 Ke6 26. Rh1 R8d7 27.
gxf6 gxf6 28. Rcg1 Rf7 29. Bg6 Re7 30. Rh6 Kd7 31. Bf5+ Kc7 32. Kf3 Rf7 33. Bb1
f5 34. Rxd6 Kxd6 35. Rg6+ Kc5 36. b4+ Kb5 37. Bd3+ Ka4 38. Bc2+ Kxa3 39. Rg1
e4+ 40. Kf4 Nxb4 41. Ra1+ Na2 42. Bb1 Rc7 43. Rxa2+ Kb3 44. Be5 Rc1 45. Rb2+
Ka3 46. Kxf5 Rc5 47. Ra2+ Kb3 48. Kxe4 1-0

[Event "European Team-ch 2007"]
[Site "Crete GRE"]
[Date "2007.11.06"]
[Round "9.10"]
[White "Cicak, Slavko"]
[Black "Laznicka, Viktor"]
[Result "1/2-1/2"]
[WhiteElo "2569"]
[BlackElo "2610"]
[PlyCount "63"]
[EventDate "2007.10.28"]
[EventType "team"]
[EventRounds "9"]
[EventCountry "GRE"]
[Source "lmi"]
[SourceDate "2007.10.28"]
[WhiteTeam "Sweden"]
[BlackTeam "Czech Republic"]
[WhiteTeamCountry "SWE"]
[BlackTeamCountry "CZE"]

1. c4 e5 2. Nc3 Nf6 3. Nf3 Nc6 4. a3 d5 5. cxd5 Nxd5 6. d3 Bg4 7. e3 Qd7 8. Be2
O-O-O 9. O-O f6 10. Nxd5 Qxd5 11. b4 Kb8 12. Bb2 h5 13. Rc1 g5 14. Qc2 Bd6 15.
Qc4 Qxc4 16. Rxc4 a6 17. Re1 Be6 18. Rcc1 g4 19. Nd2 Be7 20. Red1 Rh6 21. Ne4
f5 22. Nc5 Bc8 23. Rc2 Rdd6 24. Rdc1 Bg5 25. Bf1 h4 26. Re1 Rh7 27. Rec1 Rhh6
28. Re1 Ka7 29. Nb3 Bf6 30. Nd2 Rh7 31. Bc3 b5 32. Ra1 1/2-1/2

[Event "European Team-ch 2007"]
[Site "Crete GRE"]
[Date "2007.11.06"]
[Round "9.10"]
[White "Hracek, Zbynek"]
[Black "Hillarp Persson, Tiger"]
[Result "1-0"]
[WhiteElo "2598"]
[BlackElo "2567"]
[PlyCount "95"]
[EventDate "2007.10.28"]
[EventType "team"]
[EventRounds "9"]
[EventCountry "GRE"]
[Source "lmi"]
[SourceDate "2007.10.28"]
[WhiteTeam "Czech Republic"]
[BlackTeam "Sweden"]
[WhiteTeamCountry "CZE"]
[BlackTeamCountry "SWE"]

1. e4 c5 2. Nc3 a6 3. Nf3 d6 4. d4 cxd4 5. Nxd4 Nf6 6. Be3 e5 7. Nf3 Be7 8. Bc4
O-O 9. O-O Be6 10. Bb3 Nc6 11. Qe2 Na5 12. Rfd1 Qc7 13. Bg5 Rac8 14. Rac1 Nxb3
15. axb3 Ne8 16. Qd3 Bxg5 17. Nxg5 Qe7 18. Nxe6 fxe6 19. Rd2 Rc6 20. Nd1 Nf6
21. Ne3 Qc7 22. h3 b5 23. Ng4 Qb6 24. Nxf6+ Rxf6 25. c3 Rf8 26. Rcd1 a5 27. Qe2
b4 28. c4 Qc7 29. Rd3 Qe7 30. Qd2 Rd8 31. Rd5 a4 32. bxa4 Rxc4 33. Rxd6 Rd4 34.
Rxd4 exd4 35. Qd3 Qc5 36. Rd2 e5 37. Rc2 Qb6 38. b3 h6 39. g3 Kh7 40. Kg2 Rd6
41. Qb5 Qd8 42. Qxe5 d3 43. Rd2 Rc6 44. Qd5 Rd6 45. Qc5 Rd4 46. a5 g6 47. Qa7+
Rd7 48. Rxd3 1-0

[Event "European Team-ch 2007"]
[Site "Crete GRE"]
[Date "2007.11.06"]
[Round "9.11"]
[White "Carlsen, Magnus"]
[Black "Ivanisevic, Ivan"]
[Result "0-1"]
[WhiteElo "2714"]
[BlackElo "2607"]
[PlyCount "84"]
[EventDate "2007.10.28"]
[EventType "team"]
[EventRounds "9"]
[EventCountry "GRE"]
[Source "lmi"]
[SourceDate "2007.10.28"]
[WhiteTeam "Norway"]
[BlackTeam "SRB"]
[WhiteTeamCountry "NOR"]

1. d4 Nf6 2. c4 e6 3. Nf3 d5 4. g3 dxc4 5. Bg2 Bb4+ 6. Nbd2 b5 7. a4 c6 8. Qc2
Bb7 9. O-O O-O 10. e4 Nbd7 11. e5 Nd5 12. Ne4 h6 13. Bd2 a5 14. b3 cxb3 15.
Qxb3 bxa4 16. Rxa4 Ba6 17. Rc1 Bb5 18. Raa1 Be7 19. g4 Bb4 20. Bxb4 axb4 21. g5
Nf4 22. gxh6 gxh6 23. Rxa8 Qxa8 24. Qe3 Ne2+ 25. Kh1 Qa3 26. Re1 Qxe3 27. fxe3
Ra8 28. Bf1 Nc3 29. Nfd2 Ra2 30. Bxb5 cxb5 31. Kg1 Kf8 32. Kf1 Ke7 33. Rc1 f5
34. exf6+ Nxf6 35. Nxf6 Rxd2 36. Ng4 Nd5 37. Rb1 h5 38. Ne5 Nxe3+ 39. Ke1 Rxh2
40. Rb3 Nc2+ 41. Kd1 Kd6 42. Nf3 Rf2 0-1

[Event "European Team-ch 2007"]
[Site "Crete GRE"]
[Date "2007.11.06"]
[Round "9.11"]
[White "Miladinovic, Igor"]
[Black "Lie, Kjetil A"]
[Result "0-1"]
[WhiteElo "2603"]
[BlackElo "2563"]
[PlyCount "222"]
[EventDate "2007.10.28"]
[EventType "team"]
[EventRounds "9"]
[EventCountry "GRE"]
[Source "lmi"]
[SourceDate "2007.10.28"]
[WhiteTeam "SRB"]
[BlackTeam "Norway"]
[BlackTeamCountry "NOR"]

1. d4 Nf6 2. Bg5 Ne4 3. Bf4 c5 4. f3 Qa5+ 5. c3 Nf6 6. d5 g6 7. e4 Bg7 8. a4
O-O 9. Na3 d6 10. Nc4 Qd8 11. Qd2 Re8 12. Ne2 Nbd7 13. Ng3 h5 14. Be2 Nb6 15.
Nf1 Nxc4 16. Bxc4 e6 17. Ne3 e5 18. Bg3 Bh6 19. Qe2 Nh7 20. Bd3 Rf8 21. O-O h4
22. Bf2 Bf4 23. Kh1 Kg7 24. Qe1 Bg5 25. Nc4 f5 26. exf5 gxf5 27. f4 Bxf4 28.
Bxh4 Bg5 29. Bf2 Nf6 30. Bg1 Nxd5 31. Rd1 Nb6 32. Na3 Qe7 33. a5 Nd5 34. Bb1
Be6 35. Nc4 Rad8 36. Nxd6 Qxd6 37. c4 e4 38. cxd5 Bxd5 39. Ba2 Qe5 40. Bxd5
Rxd5 41. Rxd5 Qxd5 42. Qc3+ Bf6 43. Qg3+ Kf7 44. Qc7+ Ke6 45. a6 Be5 46. Qh7
Rf7 47. Qg6+ Bf6 48. axb7 Rxb7 49. Rc1 c4 50. Qe8+ Re7 51. Qg8+ Ke5 52. Qb8+
Ke6 53. Qg8+ Rf7 54. Qc8+ Rd7 55. Qe8+ Be7 56. Rxc4 Qd1 57. Rc6+ Rd6 58. Rc7
Rd7 59. Qg6+ Ke5 60. Rc6 Rd6 61. Rc5+ Rd5 62. Rc7 Rd7 63. Qg7+ Ke6 64. Qh6+ Bf6
65. Rc1 Qd5 66. h3 Rd8 67. Qg6 Ke7 68. Rc7+ Rd7 69. Rc5 Qe6 70. Rc8 Kd6 71.
Bh2+ Kd5 72. b4 Bd4 73. Qh5 Qf7 74. Qe2 Ke6 75. Bf4 Ke7 76. Qa6 Qb3 77. Rc1 Bb6
78. Kh2 Qe6 79. Qc8 Bd4 80. Rc6 Qd5 81. Rh6 Bg7 82. Rg6 Be5 83. Qc1 Kf7 84. Rg5
Kf6 85. Rg3 Kf7 86. h4 Rc7 87. Qe3 Qd6 88. Qb3+ Kf6 89. Bg5+ Kg7 90. Bf4+ Kf6
91. Bxe5+ Qxe5 92. Qg8 Rf7 93. Kh3 f4 94. Qh8+ Ke6 95. Qe8+ Kd6 96. Qb8+ Ke6
97. Qc8+ Ke7 98. Qb7+ Kf6 99. Qc6+ Qe6+ 100. Qxe6+ Kxe6 101. Ra3 Ke5 102. b5 e3
103. h5 e2 104. Ra1 Ke4 105. Kh2 Ke3 106. Ra3+ Kf2 107. Rf3+ Ke1 108. Ra3 f3
109. gxf3 Kf1 110. Ra1+ e1=Q 111. Rxe1+ Kxe1 0-1

[Event "European Team-ch 2007"]
[Site "Crete GRE"]
[Date "2007.11.06"]
[Round "9.11"]
[White "Lie, Espen"]
[Black "Markus, Robert"]
[Result "1/2-1/2"]
[WhiteElo "2421"]
[BlackElo "2586"]
[PlyCount "62"]
[EventDate "2007.10.28"]
[EventType "team"]
[EventRounds "9"]
[EventCountry "GRE"]
[Source "lmi"]
[SourceDate "2007.10.28"]
[WhiteTeam "Norway"]
[BlackTeam "SRB"]
[WhiteTeamCountry "NOR"]

1. c4 b6 2. Nc3 e6 3. e4 Bb7 4. g3 Bb4 5. Qb3 Nc6 6. a3 Nd4 7. Qd1 Bxc3 8. dxc3
Bxe4 9. Qxd4 Bxh1 10. Qxg7 Qf6 11. Qxf6 Nxf6 12. f3 Rg8 13. Kf2 e5 14. h4 Rg6
15. Bg5 h6 16. Bxf6 Rxf6 17. Re1 d6 18. Bd3 Kd7 19. Be4 Rg8 20. b4 c6 21. Re3
Rg4 22. b5 cxb5 23. cxb5 Ke6 24. c4 Rxe4 25. Rxe4 d5 26. cxd5+ Kxd5 27. Ke3 Rg6
28. Kf2 Rf6 29. Ke3 Rg6 30. Ne2 Rf6 31. Ng1 Rg6 1/2-1/2

[Event "European Team-ch 2007"]
[Site "Crete GRE"]
[Date "2007.11.06"]
[Round "9.11"]
[White "Sedlak, Nikola"]
[Black "Hammer, Jon Ludvig"]
[Result "1/2-1/2"]
[WhiteElo "2605"]
[BlackElo "2402"]
[PlyCount "56"]
[EventDate "2007.10.28"]
[EventType "team"]
[EventRounds "9"]
[EventCountry "GRE"]
[Source "lmi"]
[SourceDate "2007.10.28"]
[WhiteTeam "SRB"]
[BlackTeam "Norway"]
[BlackTeamCountry "NOR"]

1. d4 Nf6 2. Bg5 e6 3. e3 c5 4. c3 cxd4 5. exd4 h6 6. Bh4 Be7 7. Bxf6 Bxf6 8.
Nd2 b6 9. Ngf3 Bb7 10. Bd3 O-O 11. Qe2 g6 12. Be4 Nc6 13. O-O Qc7 14. d5 exd5
15. Bxd5 Nd4 16. Bxf7+ Rxf7 17. Nxd4 Bxd4 18. cxd4 Qf4 19. Qe3 Qxe3 20. fxe3
Rxf1+ 21. Kxf1 Rc8 22. Ke2 Rc2 23. b3 Ba6+ 24. Kd1 Bd3 25. a4 Rc3 26. Ra2 Ba6
27. e4 Bd3 28. Ke1 Bc2 1/2-1/2

[Event "European Team-ch 2007"]
[Site "Crete GRE"]
[Date "2007.11.06"]
[Round "9.12"]
[White "Djukic, Nikola"]
[Black "Kotronias, Vasilios"]
[Result "1/2-1/2"]
[WhiteElo "2528"]
[BlackElo "2614"]
[PlyCount "156"]
[EventDate "2007.10.28"]
[EventType "team"]
[EventRounds "9"]
[EventCountry "GRE"]
[Source "lmi"]
[SourceDate "2007.10.28"]
[WhiteTeam "MNE"]
[BlackTeam "Greece"]
[BlackTeamCountry "GRE"]

1. e4 c5 2. Nf3 Nc6 3. d4 cxd4 4. Nxd4 Nf6 5. Nc3 d6 6. Bg5 e6 7. Qd2 Be7 8.
O-O-O O-O 9. f3 a6 10. h4 Nxd4 11. Qxd4 b5 12. Kb1 Qc7 13. Qd2 Rd8 14. h5 h6
15. Be3 d5 16. e5 Nd7 17. f4 d4 18. Bxd4 Nc5 19. Qe1 Bb7 20. Bxc5 Bxc5 21.
Rxd8+ Rxd8 22. Bd3 Bxg2 23. Rh2 Qb7 24. Qd2 Bd5 25. Nxd5 Qxd5 26. Rg2 Qf3 27.
Be2 Rxd2 28. Bxf3 Rd4 29. Rg4 b4 30. a3 bxa3 31. bxa3 Rd2 32. Be4 Rf2 33. Ka2
a5 34. Bd3 Be3 35. f5 exf5 36. Rc4 Kf8 37. Rc8+ Ke7 38. Bc4 Rxc2+ 39. Kb3 Rd2
40. Rc7+ Rd7 41. Rxd7+ Kxd7 42. Bxf7 Ke7 43. Bd5 Bf4 44. Kc4 Bxe5 45. a4 Kf6
46. Kd3 g5 47. hxg6 Kxg6 48. Ke3 Kg5 49. Bg2 Kg4 50. Bf3+ Kg3 51. Bd1 Bc7 52.
Bh5 Bb6+ 53. Ke2 Kf4 54. Bf3 Bc5 55. Bh5 Kg5 56. Bf3 h5 57. Bg2 Kf4 58. Bb7 h4
59. Bg2 Kg3 60. Bb7 h3 61. Ba8 Kf4 62. Bb7 Ba7 63. Ba8 Ke5 64. Kd3 Bb6 65. Bb7
Kd6 66. Kc4 Kc7 67. Ba8 Be3 68. Kd3 Kb8 69. Bh1 f4 70. Kc4 Kc7 71. Bf3 Kd6 72.
Ba8 Ke5 73. Kd3 Kf5 74. Bf3 Kg5 75. Ke2 Kh4 76. Ba8 Kg3 77. Bb7 Kh2 78. Kf1 Kg3
1/2-1/2

[Event "European Team-ch 2007"]
[Site "Crete GRE"]
[Date "2007.11.06"]
[Round "9.12"]
[White "Halkias, Stelios"]
[Black "Drasko, Milan"]
[Result "1-0"]
[WhiteElo "2590"]
[BlackElo "2557"]
[PlyCount "126"]
[EventDate "2007.10.28"]
[EventType "team"]
[EventRounds "9"]
[EventCountry "GRE"]
[Source "lmi"]
[SourceDate "2007.10.28"]
[WhiteTeam "Greece"]
[BlackTeam "MNE"]
[WhiteTeamCountry "GRE"]

1. d4 e6 2. Nf3 Nf6 3. c4 Bb4+ 4. Bd2 c5 5. Bxb4 cxb4 6. g3 O-O 7. Bg2 d6 8.
O-O Nc6 9. a3 bxa3 10. Nxa3 e5 11. Nb5 Qb6 12. Qd2 Bg4 13. d5 Ne7 14. Qa5 Qxa5
15. Rxa5 Nc8 16. Nc3 Nb6 17. Nd2 a6 18. b3 Rad8 19. Rc1 h6 20. e4 Rc8 21. f3
Bd7 22. Nd1 Rc7 23. Ne3 g6 24. Bf1 Bc8 25. Ra3 Nbd7 26. b4 b6 27. Rac3 Bb7 28.
Nb3 Rfc8 29. Bh3 Kf8 30. c5 bxc5 31. bxc5 dxc5 32. d6 Rc6 33. Na5 Rb6 34. Nec4
Rb5 35. Nxb7 Rxb7 36. Nxe5 Re8 37. Nc4 g5 38. Bg2 Rb4 39. Rd1 g4 40. fxg4 Nxe4
41. Rc2 Nef6 42. h3 Nb6 43. Na5 Nfd7 44. Nc6 Rb3 45. Ne7 h5 46. gxh5 Rxg3 47.
Rf2 Rg5 48. Rdf1 f6 49. h6 Kf7 50. h4 Rg4 51. Nf5 Kg6 52. Kh2 Ne5 53. Bh3 Kh7
54. Ra2 Ra4 55. Rg2 Rg8 56. Rxg8 Kxg8 57. Rg1+ Kh8 58. Rg7 Ra2+ 59. Bg2 Rf2 60.
Ne7 Rd2 61. Kg1 Rxd6 62. Be4 f5 63. Bxf5 Rd4 1-0

[Event "European Team-ch 2007"]
[Site "Crete GRE"]
[Date "2007.11.06"]
[Round "9.12"]
[White "Mastrovasilis, Dimitrios"]
[Black "Kosic, Dragan"]
[Result "1/2-1/2"]
[WhiteElo "2559"]
[BlackElo "2482"]
[PlyCount "73"]
[EventDate "2007.10.28"]
[EventType "team"]
[EventRounds "9"]
[EventCountry "GRE"]
[Source "lmi"]
[SourceDate "2007.10.28"]
[WhiteTeam "Greece"]
[BlackTeam "MNE"]
[WhiteTeamCountry "GRE"]

1. e4 e6 2. d4 d5 3. Nc3 dxe4 4. Nxe4 Nd7 5. Bd3 Ngf6 6. Qe2 c5 7. Nxf6+ Nxf6
8. dxc5 Bxc5 9. Bd2 Qb6 10. O-O-O Bd4 11. c3 Bc5 12. Nf3 Bd7 13. Ne5 Ba4 14.
Bc2 Bxc2 15. Kxc2 Be7 16. Bg5 Qa5 17. Rhe1 O-O 18. Bxf6 Bxf6 19. Nd7 Rfd8 20.
Nxf6+ gxf6 21. Qg4+ Qg5 22. Qxg5+ fxg5 23. c4 Kf8 24. Kc3 Ke7 25. b4 b6 26. a4
Rxd1 27. Rxd1 a5 28. Rb1 f6 29. bxa5 Rxa5 30. Rxb6 Rxa4 31. c5 h5 32. Rb7+ Kd8
33. Rf7 Rf4 34. f3 g4 35. fxg4 Rxg4 36. Rxf6 Rxg2 37. Rxe6 1/2-1/2

[Event "European Team-ch 2007"]
[Site "Crete GRE"]
[Date "2007.11.06"]
[Round "9.13"]
[White "Palac, Mladen"]
[Black "Pelletier, Yannick"]
[Result "1/2-1/2"]
[WhiteElo "2567"]
[BlackElo "2609"]
[PlyCount "63"]
[EventDate "2007.10.28"]
[EventType "team"]
[EventRounds "9"]
[EventCountry "GRE"]
[Source "lmi"]
[SourceDate "2007.10.28"]
[WhiteTeam "Croatia"]
[BlackTeam "Switzerland"]
[WhiteTeamCountry "CRO"]
[BlackTeamCountry "SUI"]

1. e4 e6 2. d4 d5 3. Nc3 dxe4 4. Nxe4 Nd7 5. Nf3 Ngf6 6. Nxf6+ Nxf6 7. c3 c5 8.
Be3 cxd4 9. Bxd4 Qc7 10. Bb5+ Bd7 11. Bxd7+ Qxd7 12. Ne5 Qb5 13. a4 Qd5 14. Qe2
a6 15. O-O Be7 16. Rfd1 Qe4 17. Qxe4 Nxe4 18. Nc4 Rg8 19. Nb6 Rd8 20. a5 f5 21.
Kf1 g5 22. f3 Nf6 23. Be5 Kf7 24. Bc7 Rxd1+ 25. Rxd1 g4 26. b4 h5 27. Bg3 Rd8
28. Rxd8 Bxd8 29. Nc4 Be7 30. Ke2 Nd5 31. Be5 Ke8 32. Kd3 1/2-1/2